[Event "SM-2022-0-00476"]
[Site "LSS email"]
[Date "2022.08.04"]
[Round "?"]
[White "Kopasov, Evgeny"]
[Black "Catozzi, Mauro"]
[Result "1/2-1/2"]
[WhiteElo "2170"]
[BlackElo "2182"]
[PlyCount "94"]
[EventDate "2022.06.15"]
[EventType "tourn (corr)"]
[EventRounds "6"]
[EventCountry "GER"]
[SourceTitle "Corr 2024"]
[Source "ChessBase"]
[SourceDate "2023.10.19"]
[SourceVersion "1"]
[SourceVersionDate "2023.10.19"]
[SourceQuality "1"]

1. d4 d5 2. c4 c6 3. Nc3 Nf6 4. e3 Bf5 5. f3 e6 6. g4 Bg6 7. h4 h6 8. Nge2 Bd6 9. Nf4 Bh7 10. Kf2 Bxf4 11. exf4 dxc4 12. Bxc4 b5 13. Bb3 h5 14. a3 hxg4 15. fxg4 Ne4+ 16. Kf3 Nxc3 17. bxc3 Nd7 18. f5 Nf6 19. Kg2 0-0 20. h5 Nd5 21. h6 g5 22. fxg6 Bxg6 23. h7+ Kh8 24. Rh6 Nxc3 25. Qd2 Nd5 26. Qf2 Be4+ 27. Kh3 Rc8 28. Bd2 f5 29. g5 f4 30. Bxd5 Qxd5 31. Bxf4 Rf7 32. Rf1 Rcf8 33. Qh2 Bg2+ 34. Qxg2 Qxg2+ 35. Kxg2 Rxf4 36. Rxf4 Rxf4 37. g6 Rf8 38. Kg3 Kg7 39. Rh5 a5 40. Kg4 b4 41. a4 Rd8 42. Kf3 b3 43. Rh2 Rb8 44. Rh1 b2 45. Rb1 Kxg6 46. Rxb2 Rf8+ 47. Ke4 Kxh7 1/2-1/2

[Event "SM-2022-0-00476"]
[Site "LSS email"]
[Date "2022.07.24"]
[Round "?"]
[White "Ozen, Bahadir"]
[Black "Catozzi, Mauro"]
[Result "1/2-1/2"]
[WhiteElo "2220"]
[BlackElo "2182"]
[PlyCount "54"]
[EventDate "2022.06.15"]
[EventType "tourn (corr)"]
[EventRounds "6"]
[EventCountry "GER"]
[SourceTitle "Corr 2024"]
[Source "ChessBase"]
[SourceDate "2023.10.19"]
[SourceVersion "1"]
[SourceVersionDate "2023.10.19"]
[SourceQuality "1"]

1. d4 d5 2. c4 c6 3. Nf3 Nf6 4. Nc3 e6 5. Bg5 h6 6. Bh4 dxc4 7. e4 g5 8. Bg3 b5 9. Ne5 Nbd7 10. Nxc6 Qb6 11. d5 Bb7 12. a4 a6 13. Be2 Bxc6 14. dxc6 Qxc6 15. axb5 axb5 16. Rxa8+ Qxa8 17. 0-0 Qb7 18. e5 Nd5 19. Bf3 Nxc3 20. bxc3 Qc7 21. Qb1 Bg7 22. Qb4 Qc5 23. Qxc5 Nxc5 24. Rb1 0-0 25. Rxb5 Rc8 26. Ra5 Rc7 27. h4 gxh4 1/2-1/2

[Event "LSS SA-2022-0-00786"]
[Site "LSS email"]
[Date "2022.01.05"]
[Round "?"]
[White "Vodicka, Milan"]
[Black "Catozzi, Mauro"]
[Result "1/2-1/2"]
[WhiteElo "2092"]
[BlackElo "2180"]
[PlyCount "49"]
[EventDate "2021.12.19"]
[EventType "tourn (corr)"]
[EventRounds "6"]
[EventCountry "GER"]
[SourceTitle "Corr 2024"]
[Source "ChessBase"]
[SourceDate "2023.10.19"]
[SourceVersion "1"]
[SourceVersionDate "2023.10.19"]
[SourceQuality "1"]

1. d4 d5 2. c4 c6 3. Nf3 Nf6 4. e3 Bf5 5. Nc3 e6 6. Nh4 Be4 7. f3 Bg6 8. Bd2 Be7 9. Nxg6 hxg6 10. Qb3 Qc7 11. 0-0-0 dxc4 12. Qxc4 a6 13. g4 Nbd7 14. Qe2 c5 15. dxc5 Nxc5 16. Kb1 b5 17. g5 Nfd7 18. Rc1 Ne5 19. b4 Ncd3 20. Nxb5 Qb8 21. Nc7+ Kf8 22. Nxa8 Bxb4 23. Ka1 Nxc1 24. Bxc1 Qxa8 25. Bg2 1/2-1/2

[Event "LSS SA-2021-0-00773"]
[Site "LSS email"]
[Date "2021.10.01"]
[Round "?"]
[White "Nowak, Ireneusz"]
[Black "Catozzi, Mauro"]
[Result "1/2-1/2"]
[WhiteElo "2058"]
[BlackElo "2177"]
[PlyCount "38"]
[EventDate "2021.08.29"]
[EventType "tourn (corr)"]
[EventRounds "6"]
[EventCountry "GER"]
[SourceTitle "Corr 2024"]
[Source "ChessBase"]
[SourceDate "2023.10.19"]
[SourceVersion "1"]
[SourceVersionDate "2023.10.19"]
[SourceQuality "1"]

1. e4 c5 2. Nf3 d6 3. d4 cxd4 4. Nxd4 Nf6 5. Nc3 a6 6. Bg5 e6 7. f4 Qb6 8. Qd2 Qxb2 9. Rb1 Qa3 10. f5 Nc6 11. fxe6 fxe6 12. Nxc6 bxc6 13. Be2 Be7 14. 0-0 0-0 15. Rb3 Qc5+ 16. Be3 Qe5 17. Bf4 Qc5+ 18. Be3 Qe5 19. Bd4 Qa5 1/2-1/2

[Event "LSS SA-2021-0-00773"]
[Site "LSS email"]
[Date "2021.09.30"]
[Round "?"]
[White "Csaba, Fodor"]
[Black "Catozzi, Mauro"]
[Result "1/2-1/2"]
[WhiteElo "2002"]
[BlackElo "2177"]
[PlyCount "42"]
[EventDate "2021.08.29"]
[EventType "tourn (corr)"]
[EventRounds "6"]
[EventCountry "GER"]
[SourceTitle "Corr 2024"]
[Source "ChessBase"]
[SourceDate "2023.10.19"]
[SourceVersion "1"]
[SourceVersionDate "2023.10.19"]
[SourceQuality "1"]

1. e4 c5 2. Nf3 d6 3. d4 cxd4 4. Bb5+ Bd7 5. Nxd4 Bxb5 6. Nxb5 a6 7. Nd4 Nf6 8. Qe2 g6 9. c4 Bg7 10. Nc3 Nc6 11. Nxc6 bxc6 12. 0-0 0-0 13. Bd2 a5 14. b3 Nd7 15. Kh1 Nc5 16. f4 Qd7 17. f5 Rfb8 18. Rab1 Rb7 19. h3 Rab8 20. Qf3 Qe8 21. Ne2 Nd7 1/2-1/2

[Event "LSS SA-2021-0-00773"]
[Site "LSS email"]
[Date "2021.09.30"]
[Round "?"]
[White "Martin, Simone"]
[Black "Catozzi, Mauro"]
[Result "1/2-1/2"]
[WhiteElo "1950"]
[BlackElo "2177"]
[PlyCount "43"]
[EventDate "2021.08.29"]
[EventType "tourn (corr)"]
[EventRounds "6"]
[EventCountry "GER"]
[SourceTitle "Corr 2024"]
[Source "ChessBase"]
[SourceDate "2023.10.19"]
[SourceVersion "1"]
[SourceVersionDate "2023.10.19"]
[SourceQuality "1"]

1. e4 c5 2. d3 Nc6 3. f4 e6 4. Nf3 d5 5. Be2 Bd6 6. c3 f6 7. 0-0 Nge7 8. Be3 0-0 9. Nbd2 d4 10. cxd4 cxd4 11. Nxd4 Bxf4 12. Rxf4 Nxd4 13. Rf2 Nxe2+ 14. Qxe2 b6 15. Re1 Ba6 16. Qg4 Qd7 17. Nf3 Rad8 18. h3 e5 19. Qxd7 Rxd7 20. d4 exd4 21. Bxd4 Ng6 22. e5 1/2-1/2

[Event "LSS SA-2020-0-00741"]
[Site "LSS email"]
[Date "2020.11.30"]
[Round "?"]
[White "Catozzi, Mauro"]
[Black "Matugin, Sergei"]
[Result "1/2-1/2"]
[WhiteElo "2152"]
[BlackElo "2027"]
[PlyCount "49"]
[EventDate "2020.10.11"]
[EventType "tourn (corr)"]
[EventRounds "6"]
[EventCountry "GER"]
[SourceTitle "Corr 2024"]
[Source "ChessBase"]
[SourceDate "2023.10.19"]
[SourceVersion "1"]
[SourceVersionDate "2023.10.19"]
[SourceQuality "1"]

1. e4 e5 2. Nf3 Nc6 3. Bb5 a6 4. Ba4 Nf6 5. 0-0 Be7 6. Re1 b5 7. Bb3 0-0 8. c3 d5 9. exd5 Nxd5 10. Nxe5 Nxe5 11. Rxe5 c6 12. d4 Bd6 13. Re1 Qh4 14. g3 Qh3 15. Re4 g5 16. Qf1 Qh5 17. Nd2 Bh3 18. Qe2 Qg6 19. Nf3 f6 20. Ne1 Kh8 21. Bd2 Bf5 22. Bxd5 cxd5 23. Re3 Bf4 24. Re7 Bd6 25. Re3 1/2-1/2

[Event "LSS SA-2020-0-00741"]
[Site "LSS email"]
[Date "2020.11.30"]
[Round "?"]
[White "Catozzi, Mauro"]
[Black "Rodriguez, Raul"]
[Result "1-0"]
[WhiteElo "2152"]
[BlackElo "2107"]
[PlyCount "93"]
[EventDate "2020.10.11"]
[EventType "tourn (corr)"]
[EventRounds "6"]
[EventCountry "GER"]
[SourceTitle "Corr 2024"]
[Source "ChessBase"]
[SourceDate "2023.10.19"]
[SourceVersion "1"]
[SourceVersionDate "2023.10.19"]
[SourceQuality "1"]

1. e4 e6 2. d4 d5 3. Nc3 Nf6 4. e5 Nfd7 5. f4 c5 6. Nf3 cxd4 7. Nxd4 Nc6 8. Be3 Bc5 9. Qd2 Nxd4 10. Bxd4 a6 11. 0-0-0 0-0 12. Qe3 Qb6 13. g4 Qc7 14. Bxc5 Nxc5 15. f5 Nd7 16. Re1 Qc5 17. Qf4 d4 18. Na4 Qc7 19. Bd3 f6 20. fxe6 Nxe5 21. Rxe5 Qxe5 22. Qxe5 fxe5 23. Bc4 Kh8 24. Nb6 Bxe6 25. Bxe6 Rae8 26. Bd5 e4 27. Bxb7 d3 28. cxd3 exd3 29. a4 Rb8 30. Nd7 d2+ 31. Kxd2 Rfd8 32. Bxa6 Rxd7+ 33. Kc3 Ra7 34. Bb5 Re7 35. Rd1 Re3+ 36. Rd3 Re1 37. b3 g6 38. Bc4 Rc1+ 39. Kd2 Ra1 40. Rd5 Kg7 41. a5 Kf6 42. a6 Rc8 43. Rb5 Rxc4 44. bxc4 Rxa6 45. h4 Ke6 46. Rb7 h6 47. Kc3 1-0

[Event "LSS SA-2020-0-00741"]
[Site "LSS email"]
[Date "2020.11.30"]
[Round "?"]
[White "Weiss, Lester"]
[Black "Catozzi, Mauro"]
[Result "1/2-1/2"]
[WhiteElo "2028"]
[BlackElo "2152"]
[PlyCount "46"]
[EventDate "2020.10.11"]
[EventType "tourn (corr)"]
[EventRounds "6"]
[EventCountry "GER"]
[SourceTitle "Corr 2024"]
[Source "ChessBase"]
[SourceDate "2023.10.19"]
[SourceVersion "1"]
[SourceVersionDate "2023.10.19"]
[SourceQuality "1"]

1. c4 Nf6 2. g3 e5 3. Bg2 c6 4. Nf3 e4 5. Nd4 Qb6 6. Nb3 a5 7. d3 a4 8. N3d2 d5 9. cxd5 exd3 10. 0-0 cxd5 11. exd3 Nc6 12. Nc3 Qa5 13. Re1+ Be7 14. b4 axb3 15. Bb2 Qd8 16. Nxb3 0-0 17. Nb5 Bg4 18. Qd2 Bb4 19. Bc3 Bxc3 20. Qxc3 Re8 21. Rxe8+ Nxe8 22. a4 Nf6 23. h3 Bf5 1/2-1/2

[Event "SA-2020-0-00725"]
[Site "LSS email"]
[Date "2020.06.11"]
[Round "?"]
[White "Catozzi, Mauro"]
[Black "Celan, Melissa"]
[Result "1/2-1/2"]
[WhiteElo "2140"]
[BlackElo "2094"]
[PlyCount "85"]
[EventDate "2020.05.02"]
[EventType "tourn (corr)"]
[EventRounds "6"]
[EventCountry "GER"]
[SourceTitle "Corr 2022"]
[Source "ChessBase"]
[SourceDate "2021.10.24"]
[SourceVersion "1"]
[SourceVersionDate "2021.10.24"]
[SourceQuality "1"]

1. e4 d5 2. exd5 Qxd5 3. Nc3 Qa5 4. d4 c6 5. Nf3 Bf5 6. Bc4 Nd7 7. Bd2 Ngf6 8. Qe2 Qc7 9. Bb3 e6 10. Nh4 Bg6 11. Nxg6 hxg6 12. h4 b5 13. 0-0-0 Nb6 14. g4 Bb4 15. Kb1 Bxc3 16. Bxc3 a5 17. a3 b4 18. Bd2 bxa3 19. bxa3 c5 20. dxc5 Qxc5 21. Rh3 Nbd5 22. c4 a4 23. Bc2 Rb8+ 24. Ka2 0-0 25. Bxa4 Rfc8 26. Rb3 Rxb3 27. Bxb3 Ra8 28. a4 Nb4+ 29. Bxb4 Qxb4 30. Rd3 Rb8 31. Qd2 Qf8 32. f3 Qc8 33. g5 Ne8 34. Rd7 Qc5 35. Qd4 Qb4 36. Qd3 Qc5 37. Bc2 Qe5 38. Rd4 Qc5 39. f4 Nc7 40. h5 Na6 41. Rd8+ Rxd8 42. Qxd8+ Kh7 43. hxg6+ 1/2-1/2

[Event "SA-2020-0-00725"]
[Site "LSS email"]
[Date "2020.06.09"]
[Round "?"]
[White "Catozzi, Mauro"]
[Black "Costa, Fabrizio"]
[Result "1-0"]
[WhiteElo "2140"]
[BlackElo "2087"]
[PlyCount "57"]
[EventDate "2020.05.02"]
[EventType "tourn (corr)"]
[EventRounds "6"]
[EventCountry "GER"]
[SourceTitle "Corr 2022"]
[Source "ChessBase"]
[SourceDate "2021.10.24"]
[SourceVersion "1"]
[SourceVersionDate "2021.10.24"]
[SourceQuality "1"]

1. e4 c5 2. Nf3 d6 3. d4 cxd4 4. Nxd4 Nf6 5. Nc3 Nc6 6. Bg5 e6 7. Qd2 a6 8. 0-0-0 Bd7 9. f3 Be7 10. Be3 h5 11. Kb1 b5 12. Nxc6 Bxc6 13. Ne2 Rc8 14. Nd4 Bb7 15. h4 0-0 16. Rg1 Re8 17. g3 Nd7 18. g4 hxg4 19. Rxg4 Bf6 20. Qg2 Kf8 21. h5 Rc5 22. Qh2 Kg8 23. Be2 Ne5 24. Rg2 Rc8 25. Rdg1 Kh8 26. Bg5 Bxg5 27. Rxg5 Rg8 28. a3 Ba8 29. Rg6 1-0

[Event "SA-2020-0-00721"]
[Site "LSS email"]
[Date "2020.04.26"]
[Round "?"]
[White "Catozzi, Mauro"]
[Black "Delgado, Raul"]
[Result "1/2-1/2"]
[WhiteElo "2133"]
[BlackElo "2195"]
[PlyCount "37"]
[EventDate "2020.03.05"]
[EventType "tourn (corr)"]
[EventRounds "6"]
[EventCountry "GER"]
[SourceTitle "Corr 2022"]
[Source "ChessBase"]
[SourceDate "2021.10.24"]
[SourceVersion "1"]
[SourceVersionDate "2021.10.24"]
[SourceQuality "1"]

1. e4 c6 2. d4 d5 3. e5 Bf5 4. Nf3 e6 5. Be2 Nd7 6. 0-0 h6 7. c3 Ne7 8. Na3 a6 9. Nc2 c5 10. dxc5 Nxc5 11. Ncd4 Be4 12. Be3 g5 13. Rc1 Nd7 14. Nd2 Bg6 15. f4 gxf4 16. Bxf4 Bg7 17. N2f3 Be4 18. Nd2 Bg6 19. N2f3 1/2-1/2

[Event "RA-2020-0-00660"]
[Site "LSS email"]
[Date "2020.03.25"]
[Round "?"]
[White "Boni, Roberto"]
[Black "Catozzi, Mauro"]
[Result "1/2-1/2"]
[WhiteElo "2167"]
[BlackElo "2129"]
[PlyCount "68"]
[EventDate "2020.01.20"]
[EventType "tourn (corr)"]
[EventRounds "6"]
[EventCountry "GER"]
[SourceTitle "Corr 2022"]
[Source "ChessBase"]
[SourceDate "2021.10.24"]
[SourceVersion "1"]
[SourceVersionDate "2021.10.24"]
[SourceQuality "1"]

1. e4 c5 2. Nc3 Nc6 3. Nge2 g6 4. d4 cxd4 5. Nxd4 Bg7 6. Be3 Nf6 7. Bc4 d6 8. f3 0-0 9. Qd2 Bd7 10. 0-0-0 Rc8 11. Bb3 Ne5 12. Kb1 Re8 13. h4 h5 14. g4 hxg4 15. h5 Nxh5 16. Bh6 Kh7 17. Bxg7 Kxg7 18. fxg4 Bxg4 19. Nf5+ Bxf5 20. exf5 Rh8 21. fxg6 Nxg6 22. Nd5 Nf6 23. c3 Qa5 24. Rhf1 Nxd5 25. Bxd5 Rcf8 26. Rg1 Rh5 27. Be4 Rfh8 28. Rdf1 Qe5 29. Qg2 R8h6 30. Rxf7+ Kxf7 31. Bxg6+ Ke6 32. Bxh5 Rxh5 33. Qxb7 Qe3 34. Rc1 Rh2 1/2-1/2

[Event "SA-2019-0-00697"]
[Site "LSS email"]
[Date "2019.09.04"]
[Round "?"]
[White "Bujdak, Pavel"]
[Black "Catozzi, Mauro"]
[Result "1/2-1/2"]
[WhiteElo "2091"]
[BlackElo "2119"]
[PlyCount "68"]
[EventDate "2019.07.31"]
[EventType "tourn (corr)"]
[EventRounds "6"]
[EventCountry "GER"]
[SourceTitle "Corr 2022"]
[Source "ChessBase"]
[SourceDate "2021.10.24"]
[SourceVersion "1"]
[SourceVersionDate "2021.10.24"]
[SourceQuality "1"]

1. e4 e5 2. Nf3 Nc6 3. Bb5 a6 4. Ba4 Nf6 5. 0-0 Nxe4 6. d4 b5 7. Bb3 d5 8. dxe5 Be6 9. Nbd2 Bc5 10. Qe2 Nxd2 11. Bxd2 0-0 12. Rad1 Bg4 13. Be3 d4 14. Bf4 Na5 15. h3 Bxf3 16. Qxf3 Nxb3 17. axb3 Qe7 18. Rfe1 Qe6 19. Bg5 Rfe8 20. Bh4 Bb6 21. Re4 c5 22. Rde1 Rec8 23. R1e2 Bd8 24. Bxd8 Rxd8 25. b4 Rac8 26. bxc5 Rxc5 27. Qd3 Rcd5 28. f4 a5 29. g4 a4 30. f5 Qe7 31. e6 f6 32. Rd2 h6 33. Qa3 Qb7 34. Re1 Qc7 1/2-1/2